| 000 | 01744nam0a2200373 i 4500 | ||
|---|---|---|---|
| 001 | RU\NLR\BIBL_A\010555723 | ||
| 005 | 20260406055130.0 | ||
| 010 |
_a9785000240298 _9300 |
||
| 021 |
_aRU _b2014-74107 _94539 |
||
| 035 | _a(NILC)RuMoRGB-007560566 | ||
| 035 | _a(NLR Aleph) 010555723 | ||
| 090 |
_a10357953 _c10357953 |
||
| 100 | _a20141204d2014 k y0rusy50 ca | ||
| 101 | 0 | _arus | |
| 102 | _aRU | ||
| 105 | _aac||7|||000yc | ||
| 200 | 1 |
_aБританская монархия от королевы Виктории до наследников Елизаветы II: концепция управления и личность суверена _eмонография _fГ.С. Остапенко |
|
| 210 |
_aМосква _cАргамак-Медиа _d2014 |
||
| 215 |
_a376, [2] с. _cил., портр. _d23 |
||
| 225 | 1 | _aЕвропейские династии | |
| 320 | _aБиблиогр. в подстроч. примеч. | ||
| 606 | 1 |
_aМонархия _yВеликобритания _92266868 _3RU\NLR\AUTH\661358857 |
|
| 675 | _a94(410)(092) | ||
| 686 | 1 | _aТ3(4Вл)5/6-532.1 | |
| 700 | 1 |
_7ca _8rus _aОстапенко _bГ. С. _cд-р ист. наук _gГалина Сергеевна _927869 _3RU\NLR\AUTH\7744929 |
|
| 702 | 0 |
_4570 _7ca _8rus _aВиктория _cкоролева английская _f1819-1901 _9119376 _3RU\NLR\AUTH\779552 |
|
| 702 | 0 |
_4570 _7ca _8rus _aЕлизавета _cкоролева английская _dII _f1926-2022 _9113878 _3RU\NLR\AUTH\773889 |
|
| 722 |
_4570 _7ca _8rus _aВиндзоры (династия) _94242 _3RU\NLR\AUTH\7721178 |
||
| 801 | 0 |
_aRU _bRuMoRKP _c20060920 _gRCR |
|
| 801 | 2 |
_aRU _bРГБ _c20141001 _grcr |
|
| 942 | _cBOOK | ||
| 980 | _aNBR | ||